A kultura ünnepe úspech Jókaiho dní 1974 v Komárne

Bibliographic Details
Format: Article
Language:Slovak
Subjects:

MARC

LEADER 00000nab a2200000 ar4500
001 vtls010076033
003 SK-MaSNL
005 20260303175347.0
008 100316c1974 xo |r|p|||||||000 b|slo
015 |a SNBRB1974 
038 |a SNKBUCL 
040 |a SNKBUCL  |b slo  |c SNKBUCL  |e AACR2 
041 |a slo 
044 |a xo  |c SK 
080 |a 792.077  |2 1997 
245 0 0 |a A kultura ünnepe  |b úspech Jókaiho dní 1974 v Komárne 
611 1 7 |a Jókaiho dni  |n (11. :  |d 1974 :  |c Komárno, Slovensko)  |2 snkbucl  |9 1203856 
650 0 7 |a ochotnícke divadlo  |2 snkbucl  |9 3349 
650 0 7 |a divadelné festivaly a prehliadky  |2 snkbucl  |9 3350 
651 7 |a Komárno (Slovensko)  |2 snkbucl  |9 39168 
773 0 |t Népművelés  |g Roč. 19, č. 9 (1974), s. 9-10 
852 |a SNK  |b KIS3GCP 
958 |a SK 
999 |c 2101439  |d 2103369